[Event "St Petersburg Blitz 2023"]
[Site "St Petersburg"]
[Date "2023.08.25"]
[Round "3"]
[White "Paravyan, David"]
[Black "Russkikh, Nikita"]
[Result "1-0"]
[WhiteElo "2599"]
[BlackElo "2128"]
[PlyCount "101"]
[EventDate "2023.08.25"]
[EventType "game (blitz)"]
[EventRounds "11"]
[EventCountry "RUS"]
[SourceTitle "EXT 2024"]
[Source "ChessBase"]
[SourceDate "2023.10.10"]
[SourceVersion "1"]
[SourceVersionDate "2023.10.10"]
[SourceQuality "1"]

1. e4 e5 2. Nf3 Nc6 3. Bb5 a6 4. Ba4 Nf6 5. 0-0 b5 6. Bb3 Be7 7. Re1 0-0 8. h3 d6 9. c3 Na5 10. Bc2 c5 11. d4 h6 12. dxe5 dxe5 13. Nxe5 Bb7 14. Qxd8 Raxd8 15. Bf4 Rfe8 16. Nd2 Bd6 17. Ndf3 Nc4 18. Nxc4 Bxf4 19. e5 bxc4 20. exf6 Rxe1+ 21. Rxe1 Bxf3 22. gxf3 gxf6 23. Re4 Rd2 24. Rxc4 Bd6 25. Bb3 Rxb2 26. f4 f5 27. Ra4 Kg7 28. Rxa6 Bxf4 29. Rc6 Bb8 30. Rxc5 Rxf2 31. Kxf2 Ba7 32. Ke3 Bxc5+ 33. Kd3 Kf6 34. Kc4 Ba3 35. Kd5 Ke7 36. Ke5 Bb2 37. Kd4 Ba3 38. Kd5 f4 39. Bd1 Kd7 40. c4 Kc7 41. c5 f6 42. Bf3 Kd7 43. c6+ Kc7 44. Ke6 h5 45. h4 f5 46. Kf7 Bb4 47. Kg6 Be7 48. Kxh5 Kb6 49. a4 Bd8 50. Bg2 Ka5 51. Kg6 1-0

[Event "RUS-chT U18"]
[Site "St Petersburg"]
[Date "2015.08.09"]
[Round "9.23"]
[White "Maksimov, Dmitri"]
[Black "Russkikh, Nikita"]
[Result "1/2-1/2"]
[WhiteElo "2307"]
[BlackElo "2060"]
[PlyCount "115"]
[EventDate "2015.08.01"]
[EventType "team-swiss"]
[EventRounds "9"]
[EventCountry "RUS"]
[SourceTitle "CBM 167 Extra"]
[Source "ChessBase"]
[SourceDate "2015.09.14"]
[SourceVersion "1"]
[SourceVersionDate "2015.09.14"]
[SourceQuality "1"]
[WhiteTeam "Perovo"]
[BlackTeam "Izhevsk MBOU"]
[WhiteTeamCountry "RUS"]
[BlackTeamCountry "RUS"]

1. e4 c6 2. d4 d5 3. e5 Bf5 4. h4 h5 5. c4 dxc4 6. Bxc4 e6 7. Nc3 Be7 8. Nf3 Nh6 9. Bg5 Bg4 10. Qb3 Qb6 11. Bxe7 Qxb3 12. Bxb3 Kxe7 13. Ng5 Rd8 14. f3 Bf5 15. Rd1 Nd7 16. Kf2 c5 17. dxc5 Nxc5 18. Bc4 a6 19. b4 Nd7 20. Be2 Nxe5 21. Nge4 Bxe4 22. Nxe4 Nf5 23. Nc5 Nc6 24. a3 Rxd1 25. Rxd1 Nd6 26. Rc1 Nd8 27. g4 a5 28. gxh5 axb4 29. axb4 Ra2 30. Ke1 b6 31. Nd3 Nf5 32. Rc4 Kd6 33. b5 Ra7 34. Rc8 Kd7 35. Rc4 f6 36. Rg4 Nf7 37. Rg6 Ke7 38. Rg4 N7d6 39. Nb4 Ra1+ 40. Kf2 e5 41. Nd5+ Kf8 42. Nxb6 Rb1 43. Nd7+ Ke7 44. Nc5 Nxb5 45. Bxb5 Rxb5 46. Ne4 Rb2+ 47. Kf1 Kf8 48. Nf2 Rb3 49. f4 Rb1+ 50. Kg2 Rb2 51. Kg1 Ne3 52. Rg6 Rb1+ 53. Kh2 Rf1 54. Nh3 Nf5 55. fxe5 fxe5 56. Re6 Re1 57. Ng5 Nxh4 58. h6 1/2-1/2

[Event "RUS-chT U18"]
[Site "St Petersburg"]
[Date "2015.08.07"]
[Round "7.43"]
[White "Russkikh, Nikita"]
[Black "Shinkevich, Maksim"]
[Result "0-1"]
[WhiteElo "2060"]
[BlackElo "1987"]
[PlyCount "132"]
[EventDate "2015.08.01"]
[EventType "team-swiss"]
[EventRounds "9"]
[EventCountry "RUS"]
[SourceTitle "CBM 167 Extra"]
[Source "ChessBase"]
[SourceDate "2015.09.14"]
[SourceVersion "1"]
[SourceVersionDate "2015.09.14"]
[SourceQuality "1"]
[WhiteTeam "Izhevsk MBOU"]
[BlackTeam "SDYuSShOR SS III"]
[WhiteTeamCountry "RUS"]
[BlackTeamCountry "RUS"]

1. e4 c5 2. Nf3 Nc6 3. Bb5 d6 4. 0-0 Bd7 5. c3 Nf6 6. Re1 a6 7. Ba4 b5 8. Bc2 Bg4 9. h3 Bxf3 10. Qxf3 g6 11. a4 Bg7 12. axb5 axb5 13. e5 Rxa1 14. exf6 Ne5 15. Rxe5 dxe5 16. fxg7 Rg8 17. d4 exd4 18. Bh6 f6 19. Kh2 Qd6+ 20. g3 Kf7 21. Nd2 Rd8 22. cxd4 c4 23. b3 Ra2 24. Ne4 Qxd4 25. Be3 Qd5 26. bxc4 bxc4 27. Ng5+ Kxg7 28. Be4 Qd6 29. Nxh7 Qe5 30. Qg4 f5 31. Qh4 fxe4 32. Qh6+ Kf7 33. Ng5+ Ke8 34. Qxg6+ Kd7 35. Nxe4 Rc8 36. Qg4+ Qe6 37. Qd1+ Kc6 38. Qb1 Ra6 39. Nc5 Rb6 40. Qc1 Qd5 41. Qa3 Rb1 42. Qa4+ Kc7 43. Qa7+ Kd8 44. Qa5+ Ke8 45. g4 Rh1+ 46. Kg3 Rg1+ 47. Kf4 Rc6 48. Qa4 Kf7 49. Ne4 e5+ 50. Kg5 Rg6+ 51. Kh4 Qxe4 52. Qd7+ Kg8 53. Qe8+ Kh7 54. Qf7+ Kh8 55. Qf8+ Rg8 56. Qf6+ Rg7 57. Kh5 Kh7 58. Qh6+ Kg8 59. Qe6+ Kh8 60. Bh6 Qg6+ 61. Qxg6 Rxg6 62. Kxg6 c3 63. Kf7 c2 64. Be3 c1Q 65. Bxc1 Rxc1 66. g5 Rf1 0-1

[Event "RUS-chT U18"]
[Site "St Petersburg"]
[Date "2015.08.02"]
[Round "2.23"]
[White "Shchukin, Maksim"]
[Black "Russkikh, Nikita"]
[Result "1/2-1/2"]
[WhiteElo "1820"]
[BlackElo "2060"]
[PlyCount "95"]
[EventDate "2015.08.01"]
[EventType "team-swiss"]
[EventRounds "9"]
[EventCountry "RUS"]
[SourceTitle "CBM 167 Extra"]
[Source "ChessBase"]
[SourceDate "2015.09.14"]
[SourceVersion "1"]
[SourceVersionDate "2015.09.14"]
[SourceQuality "1"]
[WhiteTeam "Vladivostok"]
[BlackTeam "Izhevsk MBOU"]
[WhiteTeamCountry "RUS"]
[BlackTeamCountry "RUS"]

1. e4 d5 2. exd5 Qxd5 3. Nc3 Qd8 4. d4 Nf6 5. Nf3 e6 6. Bc4 Be7 7. 0-0 0-0 8. Bg5 Nbd7 9. Qe2 a6 10. Rfe1 b5 11. Bb3 c5 12. dxc5 Nxc5 13. Rad1 Qc7 14. Nd5 Nxd5 15. Bxd5 Ra7 16. Bxe7 Qxe7 17. a3 Qf6 18. b4 Na4 19. Qe3 Rc7 20. Bb3 Nb2 21. Rd4 Nc4 22. Bxc4 Rxc4 23. Rxc4 bxc4 24. Ne5 Bb7 25. f3 Qf5 26. Re2 Bd5 27. g4 Qf6 28. Nd7 Qxf3 29. Nxf8 Qh1+ 30. Kf2 Qxh2+ 31. Ke1 Qh4+ 32. Rf2 Qe7 33. Nxh7 Kxh7 34. Rh2+ Kg8 35. Qh3 f6 36. Qh7+ Kf7 37. g5 Qd6 38. Qh5+ Ke7 39. gxf6+ gxf6 40. Qh7+ Kd8 41. Qg8+ Kc7 42. Re2 Qf4 43. Qf7+ Kb6 44. Rxe6+ Bxe6 45. Qxe6+ Kb7 46. Qf7+ Ka8 47. Qe8+ Kb7 48. Qd7+ 1/2-1/2

[Event "Izhevsk Corporation Cup 6th"]
[Site "Izhevsk"]
[Date "2014.07.20"]
[Round "8"]
[White "Russkikh, Nikita"]
[Black "Karavaeva, Nadezhda"]
[Result "0-1"]
[WhiteElo "1881"]
[BlackElo "2022"]
[PlyCount "54"]
[EventDate "2014.07.12"]
[EventType "swiss"]
[EventRounds "9"]
[EventCountry "RUS"]
[SourceTitle "CBM 161 Extra"]
[Source "ChessBase"]
[SourceDate "2014.08.29"]
[SourceVersion "1"]
[SourceVersionDate "2014.08.29"]
[SourceQuality "1"]

1. Nf3 d5 2. d4 Nf6 3. c4 e6 4. g3 c6 5. Qc2 Bd6 6. Bg2 Nbd7 7. 0-0 0-0 8. Nbd2 Re8 9. e4 dxe4 10. Nxe4 Nxe4 11. Qxe4 e5 12. Bg5 f6 13. Bd2 exd4 14. Qxd4 Ne5 15. Bc3 Qc7 16. Nd2 Nf7 17. f4 b6 18. Ne4 Be7 19. Kh1 Be6 20. Ng5 Bc5 21. Nxe6 Rxe6 22. Qd3 Re3 23. Qc2 Rae8 24. Rae1 a5 25. Be4 R8xe4 26. Qxe4 Rxe4 27. Rxe4 Nd6 0-1

[Event "Izhevsk Corporation Cup 6th"]
[Site "Izhevsk"]
[Date "2014.07.18"]
[Round "6"]
[White "Russkikh, Nikita"]
[Black "Kostitsina, Liubov"]
[Result "1-0"]
[WhiteElo "1881"]
[BlackElo "2085"]
[PlyCount "107"]
[EventDate "2014.07.12"]
[EventType "swiss"]
[EventRounds "9"]
[EventCountry "RUS"]
[SourceTitle "CBM 161 Extra"]
[Source "ChessBase"]
[SourceDate "2014.08.29"]
[SourceVersion "1"]
[SourceVersionDate "2014.08.29"]
[SourceQuality "1"]

1. Nf3 Nf6 2. c4 c5 3. g3 g6 4. Bg2 Bg7 5. 0-0 0-0 6. d4 cxd4 7. Nxd4 Nc6 8. Nc3 Nxd4 9. Qxd4 d6 10. Qd2 Rb8 11. b3 Be6 12. Bb2 Qa5 13. Rfd1 Rfc8 14. Nd5 Qxd2 15. Rxd2 Bxd5 16. Bxd5 a5 17. Bf3 Rc7 18. Rc1 Nd7 19. Ba3 Rbc8 20. Bg4 b6 21. Rd5 h5 22. Bh3 Ra8 23. Bxd7 Rxd7 24. c5 bxc5 25. Bxc5 a4 26. Be3 a3 27. Rd3 Rb7 28. Rc4 Bb2 29. Rc2 Bf6 30. h4 Rbb8 31. Kf1 Kf8 32. Ke1 Ke8 33. Bd2 Kd7 34. b4 Rb5 35. Kd1 Rf5 36. Be1 Bb2 37. Rc4 e6 38. Kc2 Rb5 39. Kb3 Be5 40. Rc5 Rxc5 41. bxc5 Kc6 42. cxd6 Bxd6 43. Bb4 Bc7 44. Kc4 Bb6 45. e3 Rc8 46. Rd6+ Kc7 47. Kb5 Ba7 48. Rc6+ Kd7 49. Rxc8 Kxc8 50. Kc6 Bb8 51. Bd6 Ba7 52. Bxa3 e5 53. Bc5 Bb8 54. Bd6 1-0